000 00434nam a2200181Ia 4500
008 210210b1926 xxu||||| |||| 00| 0 eng d
041 _aeng
082 _a519/5
100 _aBALL (W W R)
245 _aMathematical recreations and essays
260 _aLondon
_bMacmillan & Co. Ltd.
_c1926
650 _arecreations
650 _aMathematical
650 _aessays
650 _aand
690 _aMathematics
906 _a007866
999 _c140725
_d140725